La Royauté sacrée du pharaon au roi très chrétien / (Record no. 10781)

MARC details
000 -LEADER
campo de control de longitud fija 00551nam a2200193 i 4500
001 - NÚMERO DE CONTROL
campo de control 10781
003 - IDENTIFICADOR DE NÚMERO DE CONTROL
campo de control ES-MaACL
005 - FECHA Y HORA DE LA ÚLTIMA TRANSACCIÓN
campo de control 20230906145946.0
007 - CAMPO FIJO DE DESCRIPCIÓN FÍSICA--INFORMACIÓN GENERAL
campo de control de longitud fija t|
008 - DATOS DE LONGITUD FIJA--INFORMACIÓN GENERAL
campo de control de longitud fija 890907s1984 fr ||||0| fre j
020 ## - NÚMERO INTERNACIONAL ESTÁNDAR DEL LIBRO
Número Internacional Estándar del Libro 2-85-707-133-7
080 ## - NÚMERO DE LA CLASIFICACIÓN DECIMAL UNIVERSAL
Número de la Clasificación Decimal Universal 321.15
100 1# - ENTRADA PRINCIPAL--NOMBRE DE PERSONA
Nombre de persona Hani, Jean.
9 (RLIN) 61727
245 13 - MENCIÓN DEL TÍTULO
Título La Royauté sacrée du pharaon au roi très chrétien /
Mención de responsabilidad, etc. Jean Hani.
260 ## - PUBLICACIÓN, DISTRIBUCIÓN, ETC.
Lugar de publicación, distribución, etc. Paris :
Nombre del editor, distribuidor, etc. Guy Trédaniel,
Fecha de publicación, distribución, etc. D.L. 1984.
300 ## - DESCRIPCIÓN FÍSICA
Extensión 267 p., [16] p. de lám. ;
Dimensiones 21 cm.
650 14 - PUNTO DE ACCESO ADICIONAL DE MATERIA--TÉRMINO DE MATERIA
Término de materia o nombre geográfico como elemento de entrada Teocracia.
9 (RLIN) 17456
852 ## - LOCALIZACIÓN
Ubicación ES-MaACL
Número de control de estantería L-18162
Sublocalización o colección R.113326
Holdings
Estatus retirado Estado de pérdida Estado de daño No para préstamo Biblioteca de origen Biblioteca actual Ubicación en estantería Fecha de adquisición Fuente de adquisición Total de préstamos Signatura topográfica completa Código de barras Visto por última vez Precio de reemplazo Tipo de ítem Koha
        Biblioteca del Ateneo de Madrid Biblioteca del Ateneo de Madrid Depósito 2 17/01/2008     L-18162 1010998 23/02/2023 23/02/2023 Libro impreso